The autobiography of Lieutenant-General Sir Harry Smith, baronet of Aliwal on the Sutlej, G.C.B.; (Record no. 552057)
[ view plain ]
| 000 -LEADER | |
|---|---|
| fixed length control field | 00838cam a22001931 4500 |
| 082 ## - DEWEY DECIMAL CLASSIFICATION NUMBER | |
| Classification number | 355.0092 |
| 100 1# - MAIN ENTRY--PERSONAL NAME | |
| Personal name | Smith, Harry George Wakelyn, |
| 9 (RLIN) | 49252 |
| 245 14 - TITLE STATEMENT | |
| Title | The autobiography of Lieutenant-General Sir Harry Smith, baronet of Aliwal on the Sutlej, G.C.B.; |
| Statement of responsibility, etc. | ed. with the addition of some supplementary chapters, by G. C. Moore Smith. |
| 260 ## - PUBLICATION, DISTRIBUTION, ETC. | |
| Place of publication, distribution, etc. | London, |
| Name of publisher, distributor, etc. | J. Murray, |
| Date of publication, distribution, etc. | 1902. |
| 300 ## - PHYSICAL DESCRIPTION | |
| Extent | 2 v. |
| Other physical details | front., pl., port., maps, plans. |
| Dimensions | 23 cm. |
| 500 ## - GENERAL NOTE | |
| General note | Experiences in the war of 1812, at the capture of Washington, etc.: p. 191-208. |
| 500 ## - GENERAL NOTE | |
| General note | First edition December 1901; reprinted 1902. |
| 500 ## - GENERAL NOTE | |
| General note | On cover; Arms granted to Sir Harry Smith in 1846. |
| 526 ## - STUDY PROGRAM INFORMATION NOTE | |
| Program name | 0 |
| Interest level | 0 |
| Reading level | 0 |
| Title point value | 355_009200000000000 |
| 650 #0 - SUBJECT ADDED ENTRY--TOPICAL TERM | |
| Topical term or geographic name entry element | Generals |
| Geographic subdivision | Great Britain |
| 9 (RLIN) | 49253 |
| 650 #0 - SUBJECT ADDED ENTRY--TOPICAL TERM | |
| Topical term or geographic name entry element | MCE |
| 9 (RLIN) | 379 |
| 700 1# - ADDED ENTRY--PERSONAL NAME | |
| Personal name | Smith, G. C. Moore |
| 9 (RLIN) | 49254 |
| 942 ## - ADDED ENTRY ELEMENTS (KOHA) | |
| Source of classification or shelving scheme | |
| Koha item type | Book |
| Withdrawn status | Lost status | Source of classification or shelving scheme | Damaged status | Not for loan | Permanent Location | Current Location | Shelving location | Date acquired | Total Checkouts | Full call number | Barcode | Date last seen | Price effective from | Koha item type |
|---|---|---|---|---|---|---|---|---|---|---|---|---|---|---|
| Military College of Engineering (MCE) | Military College of Engineering (MCE) | 01/06/2015 | 355.0092 | MCE-ECA/39 | 01/06/2015 | 01/06/2015 | Book |
